Výdavky vynaložené na bezpečnosť a ochranu zdravia pri práci

Predpisy upravujúce povinnosti zamestnávateľov v oblasti bezpečnosti a ochrany zdravia pri práci. Povinnosti vyplývajúce zo Zákonníka práce. Výdavky na bezpečnosť a ochranu zdravia pri práci.

Salvato in:
Dettagli Bibliografici
Autore principale: Luknárová - Kutišová, Dalila
Natura: Capitolo di libro
Lingua:slovacco
Soggetti:
Tags: Aggiungi Tag
Nessun Tag, puoi essere il primo ad aggiungerne!!

MARC

LEADER 00000naa a2200000 4500
001 r033718
005 20230926073101.1
041 0 |a slo 
044 |a SK 
245 1 0 |a Výdavky vynaložené na bezpečnosť a ochranu zdravia pri práci  |c Dalila Luknárová 
520 |a Predpisy upravujúce povinnosti zamestnávateľov v oblasti bezpečnosti a ochrany zdravia pri práci. Povinnosti vyplývajúce zo Zákonníka práce. Výdavky na bezpečnosť a ochranu zdravia pri práci. 
610 2 0 |a bezpečnosť práce 
610 2 0 |a ochrana zdravia 
610 2 0 |a zamestnávatelia 
610 2 0 |a daňovníci 
610 2 0 |a výdavky 
610 2 0 |a zákonník práce 
610 2 0 |a predpisy právne 
100 1 |a Luknárová - Kutišová, Dalila